Millah: Journal of Religious Studies | Universitas Islam Indonesia

Manylion Llyfryddiaeth
Fformat: Electronig Cylchgrawn
Iaith:English
Cyhoeddwyd: Cambridge University Press
Mynediad Ar-lein:Full text available on Research4Life (HINARI,AGORA,OARE,ARDI & GOALI)
LEADER 00764cas a2200181 a 4500
001 AALejournalResearch4Life006391
008 240902c9999 xx r poo 0 0eng d
022 |a 14120992 
022 |a 2527922x 
040 |a BD-DhAAL  |c BD-DhAAL 
245 0 0 |h [electronic resource]  |a Millah: Journal of Religious Studies | Universitas Islam Indonesia 
260 |b Cambridge University Press 
300 |a 1 online resource 
362 0 |a 2022 - current issue 
500 |a <strong>On-Campus Access Only (IP based access)</strong> 
506 |a Electronic access restricted to authorized BRAC University faculty, staff and students 
538 |a Mode of access: Internet 
856 4 0 |z Full text available on Research4Life (HINARI,AGORA,OARE,ARDI & GOALI)  |u https://journal.uii.ac.id/Millah